Fundaciones ensanchadas

Guardat en:
Dades bibliogràfiques
Autor principal: Alvarez Vargas, Guillermo
Format: Desconegut
Publicat: [San José, Costa Rica] 1953
Matèries:
Etiquetes: Afegir etiqueta
Sense etiquetes, Sigues el primer a etiquetar aquest registre!

MARC

LEADER 00000 a2200000 4500
003 011004
005 20221231143802.0
008 140114s1953 cr a m 000 ||s d
040 |c cru CEDI 
090 |a TFG 065 
100 |a Alvarez Vargas, Guillermo  |9 17110 
245 |a Fundaciones ensanchadas 
260 |c 1953  |b [San José, Costa Rica] 
300 |a  108 hojas, diagramas ; 28 cm  
500 |a  Tesis (Ingeniero Civil) Universidad de Costa Rica  
501 |a Ed. mecanografiada 
650 |x CONSTRUCCIONES DE HORMIGON  |9 17111 
942 |c TFG 
999 |c 11941  |d 11941